| 000 | 00532nam a2200193 4500 | ||
|---|---|---|---|
| 003 | OSt | ||
| 005 | 20140917194013.0 | ||
| 008 | 140917b xxu||||| |||| 00| 0 eng d | ||
| 020 | _a0855981237 | ||
| 040 | _c040a | ||
| 082 |
_217 _a363.34 _bMAS 1989 |
||
| 100 |
_aMaskrey, Andrew _91179 |
||
| 245 |
_aDisaster mitigation : _ba community based approach / _cAndrew Maskrey |
||
| 260 |
_aLondon _bOxfam _c1989 |
||
| 300 |
_ax, 100p; _bill : _c8 cm. |
||
| 504 | _aincludes index | ||
| 650 |
_adeveloping countries _91180 |
||
| 942 |
_2ddc _cSLOAN |
||
| 999 |
_c445 _d445 |
||